Every Euro 2020 Managers - Statistics

General Stats
  • This quiz has been taken 24 times
  • The average score is 14 of 23
Answer Stats
Country Manager % Correct
England Gareth Southgate
100%
Germany Joachim Low
100%
France Didier Deschamps
96%
Belgium Roberto Martinez
96%
Ukraine Andriy Shevchenko
87%
Italy Roberto Mancini
87%
Portugal Fernando Santos
83%
Netherlands Frank De Boer
83%
Spain Luis Enrique
83%
Croatia Zlatko Dalic
74%
Switzerland Vladimir Petkovic
65%
Poland Paulo Sousa
57%
Russia Stanislav Cherchesov
52%
Austria Franco Foda
48%
Wales Robert Page
48%
Denmark Kasper Hjulmand
43%
Sweden Janne Andersson
39%
Turkey Senol Gunes
39%
Scotland Steve Clarke
39%
North Macedonia Igor Angelovski
30%
Finland Markku Kanerva
26%
Czech Republic Jaroslav Silhavy
22%
Slovakia Pavel Hapal
0%
No matching quizzes found
Score Distribution
Percent of People with Each Score
Percentile by Number Answered
Your Score History
You have not taken this quiz